LEADER 01352nam a2200277 u 4500 001 000000077383 003 CaOOAMICUS 005 20070226123320.0 008 040130s1974 po a u000 u por u 035 $a10982905 040 $aPUL(R)$bita 100 1 $aRodrigues, Manuel Augusto.$0(OLS)http://pul/name/3928 245 12$aA catedra de Sagrada Escritura na Universidade de Coimbra :$bprimeiro século : 1537-1640 /$cManuel Augusto Rodrigues. 260 $aCoimbra :$b[s.n.],$c1974. 300 $axxi, 614 p. :$bill. (facs.) ;$c26 cm 500 $aIn testa al front. : "Facultade de Letras da Universidade de Coimbra. Instituto de estudios históricos Dr. Antonio de Vasconcelos". 500 $aContiene indici. 504 $aBibliografia in nota. 650 4$aUniversità$ySec. XVI-XVII.$0(OLS)http://pul/subject/26914 651 4$aPortogallo$xVita intellettuale.$0(OLS)http://pul/subject/26915 710 2 $aUniversidade de Coimbra.$0(OLS)http://pul/name/51448 850 $aPUL 852 $aPUL$W1$xSL Filosofia 1$y2$m138 D 19$j99418$nBK-PRI$b $qStampati$B99418$CPULBib$Z2$F99418 $HPUL42949 $81 941 1 $a8 996 $6245$aA catedra de Sagrada Escritura na Universidade de Coimbra :$bprimeiro século : 1537-1640$9(OLS)http://pul/title/101472 996 $6260$aCoimbra :$b[s.n.]$9(OLS)http://pul/publisher/63982 LEADER 01384nam a2200325 a 4500 001 000000173480 003 CaOOAMICUS 005 20200525122623.0 008 200525s2019 it u000 u ita r 020 $a978-88-99515-17-1* 032 $aLibriCat 040 $aPUL$bita 082 04$a262.9 100 1 $aSandrin, Luciano.$0(OLS)http://pul/name/35406 245 10$aComunità sanante : $bdalla pastorale della salute alla salute della pastorale / $cLuciano Sandrin. 260 $aSavona :$bEditoriale Romani,$c©2019. 300 $a348 p. ;$c24 cm 440 3$aLe domande di senso ;$v4 504 $aBibliografia p. 323-345. 650 04$aPastorale sanitaria.$0(OLS)http://pul/subject/44832 830 3$aLe domande di senso ;$v4.$0(OLS)http://pul/title/214664 850 $aPUL 852 $aPUL$W1$xSL Religione 3$y85$m259. 4 SANLU 3$j197471$qDDC 21$B202255$CPULBib$Z2$F202255 $H134202 $82 941 1 $a9 996 $6020$a978-88-99515-17-1*$9(OLS)http://pul/number/167481 996 $6082$a262.9$9(OLS)http://pul/classification/369 996 $6245$aComunità sanante : $bdalla pastorale della salute alla salute della pastorale / $9(OLS)http://pul/title/214663 996 $6440$aLe domande di senso $9(OLS)http://pul/title/214664 996 $6260$aSavona :$bEditoriale Romani$9(OLS)http://pul/publisher/87202